00414pam a2200145a 44500008004100000020002700041082001600068100001200084245008100096260004100177300001100218502000900229906001100238999001900249230405s2021 xxu||||| |||| 00| 0 eng d a9788194727668cRs. 450 a610.73bBAN aBandana aTextbook of Applied Nutritionand Ditetics for Undergraduate Nursing Students aPanjabbVision Health Sc. Pub.c2021 a356 p. atext a004504 c252528d252528